000 00305nam a22001337a 4500
008 170407b xxu||||| |||| 00| 0 eng d
020 _a9780781752169
041 _aeng
080 _24TH
_a611.018
100 _a9
101 _aSHM
245 _a COLOR ATLAS OF HISTOLOGY
_cGARTNER, L.P
942 _2udc
_cBK
999 _c10087
_d10087